| 000 | 01149nam a22002417a 4500 | ||
|---|---|---|---|
| 005 | 20111111164351.0 | ||
| 010 | _aB-444700 | ||
| 020 |
_a9780752847788 _c430.00 |
||
| 035 | _aB-444700 | ||
| 037 |
_aBlue Berry/Ven _bDPL |
||
| 082 | 0 | 0 |
_aS _221 |
| 100 | 1 |
_aUderzo. _937534 |
|
| 245 | 1 | 0 |
_aAsterix and Obelix all at sea / _cwritten and illustrated by Albert Uderzo ; translated by Anthea Bell and Derek Hockridge. |
| 260 |
_aLondon : _bOrion Books ; _aNew York : _c2002. |
||
| 270 |
_aOrion House, 5 Upper Saint Martin's Lane _bLondon _ewc2H 9EA |
||
| 300 |
_a48 p. : _bcol. ill. ; _c29 cm. |
||
| 500 | _a"Goscinny and Uderzo present an Asterix adventure." | ||
| 856 | 4 | 2 |
_3Contributor biographical information _uhttp://www.loc.gov/catdir/bios/orion051/2002282560.html |
| 856 | 4 | 2 |
_3Publisher description _uhttp://www.loc.gov/catdir/description/ste021/2002282560.html |
| 942 |
_2ddc _cCH _hS _mUDE |
||
| 999 |
_c58308 _d58308 |
||